[Event "Power Solutions Arctic Chess NGP 2026"]
[Site "UiT Campus Alta"]
[Date "2026.02.19"]
[Round "3"]
[White "Rustan, Elias B."]
[Black "Hunt, Harriet V."]
[Result "0-1"]
[WhiteElo "1986"]
[BlackElo "2289"]
[PlyCount "120"]
[EventDate "2026.??.??"]

1. e4 e5 2. Nf3 Nc6 3. Bb5 a6 4. Ba4 Nge7 5. O-O d6 6. c3 Bd7 7. d4 Ng6 8. Re1
Be7 9. Nbd2 O-O 10. Nf1 Kh8 11. Ng3 Bf6 12. dxe5 dxe5 13. Be3 b5 14. Bc2 Bg4
15. h3 Qxd1 16. Bxd1 Be6 17. Bb3 Bxb3 18. axb3 a5 19. Red1 Rfd8 20. Ne1 Nf8 21.
Nd3 Ne6 22. Nc5 Nxc5 23. Bxc5 g6 24. Nf1 Kg7 25. Ne3 Bg5 26. Nd5 Rd7 27. Kf1
Rb8 28. Ke2 h6 29. g3 h5 30. f4 exf4 31. gxf4 Bh4 32. Kf3 Rbd8 33. Ne3 Rd2 34.
Nd5 Rxb2 35. Rab1 Rxb1 36. Rxb1 Rd7 37. c4 b4 38. e5 Nd8 39. Ke4 Ne6 40. Be3
Bd8 41. Ra1 c6 42. Nb6 Bxb6 43. Bxb6 Rd2 44. Rxa5 Rb2 45. Be3 Rxb3 46. c5 Rc3
47. Ra4 Rxc5 48. Rxb4 Rc3 49. h4 c5 50. Rb1 Ra3 51. Rc1 Ra4+ 52. Kf3 c4 53. Rc3
Rb4 54. Ke4 Nc7 55. Bd4 Nb5 56. e6+ Nxd4 57. e7 Nf5 58. e8=N+ Kf8 59. Nf6 Rb3
60. Rxc4 Nd6+ 0-1

[Event "Power Solutions Arctic Chess NGP 2026"]
[Site "UiT Campus Alta"]
[Date "2026.02.19"]
[Round "3"]
[White "Austad, Eirik S."]
[Black "Skaar, Ben S. G."]
[Result "1-0"]
[WhiteElo "2155"]
[BlackElo "2152"]
[PlyCount "139"]
[EventDate "2026.??.??"]

1. Nf3 Nf6 2. c4 c6 3. Nc3 d5 4. e3 Nbd7 5. d4 e6 6. Be2 Be7 7. O-O dxc4 8.
Bxc4 b5 9. Bd3 a6 10. e4 b4 11. e5 bxc3 12. exf6 Nxf6 13. bxc3 O-O 14. Ne5 Bb7
15. Rb1 Qc8 16. Qf3 Nd5 17. Qg3 f5 18. c4 Nf6 19. c5 a5 20. Nc4 Nd5 21. Bh6 Rf7
22. Ne5 Bf6 23. Nxf7 Kxf7 24. Be3 Ba6 25. Bxa6 Qxa6 26. Rfc1 Rd8 27. Qf3 Qd3
28. Rb3 Qa6 29. Rcb1 h6 30. Rb7+ Kg6 31. h3 Nc3 32. R1b2 Qd3 33. Rd2 Qc4 34.
Qxc6 f4 35. Bxf4 Rxd4 36. Rxd4 Bxd4 37. Qf3 Ne2+ 38. Kh2 Bf6 39. Be3 Be5+ 40.
g3 Qc2 41. Qg2 h5 42. h4 Qc4 43. f4 Bf6 44. Rd7 Nc3 45. Qc2+ Kh6 46. f5+ Kh7
47. fxe6+ Kg8 48. Rd2 a4 49. Qd3 Qxe6 50. Bd4 Nd5 51. Bxf6 Nxf6 52. Qf3 Qe1 53.
Re2 Qc1 54. c6 Qc4 55. Kg2 Qc1 56. Kh2 Qc4 57. Rd2 Kf8 58. Qg2 Ng4+ 59. Kh3 Nf6
60. Rc2 Qe6+ 61. Kh2 Ng4+ 62. Kg1 Qe3+ 63. Kf1 Qd3+ 64. Ke1 Ne3 65. Qf3+ Kg8
66. Re2 Qb1+ 67. Kf2 Ng4+ 68. Kg2 Nf6 69. c7 Qc1 70. Qa8+ 1-0

[Event "Power Solutions Arctic Chess NGP 2026"]
[Site "UiT Campus Alta"]
[Date "2026.02.19"]
[Round "3"]
[White "Bruaset, Eivind"]
[Black "Sivaparan, Isai"]
[Result "1/2-1/2"]
[WhiteElo "2215"]
[BlackElo "1983"]
[PlyCount "45"]
[EventDate "2026.??.??"]

1. e4 c5 2. Nf3 d6 3. d4 cxd4 4. Nxd4 Nf6 5. Nc3 a6 6. f4 e5 7. Nb3 Nc6 8. Be2
Be7 9. O-O b5 10. a4 b4 11. Nd5 O-O 12. Nxe7+ Qxe7 13. fxe5 Nxe5 14. Bg5 Qa7+
15. Nd4 Nxe4 16. Be3 Qe7 17. Nf5 Bxf5 18. Rxf5 a5 19. Qd5 Nf6 20. Qd2 Ne4 21.
Qd5 Nf6 22. Qd2 Ne4 23. Qd5 1/2-1/2

[Event "Power Solutions Arctic Chess NGP 2026"]
[Site "UiT Campus Alta"]
[Date "2026.02.19"]
[Round "3"]
[White "Roover, Nikolay J. D."]
[Black "Aamodt, Peder M"]
[Result "0-1"]
[WhiteElo "1966"]
[BlackElo "2189"]
[PlyCount "109"]
[EventDate "2026.??.??"]

1. Nf3 c5 2. g3 Nc6 3. c4 e6 4. Bg2 Nf6 5. O-O Qc7 6. Nc3 a6 7. d3 Be7 8. Nd2
Rb8 9. f4 h5 10. Nf3 b5 11. e4 Nd4 12. b3 bxc4 13. dxc4 Bb7 14. Qd3 Rc8 15. h3
Nc6 16. e5 Nb4 17. Qe2 Ng8 18. Be3 Nh6 19. Bf2 Nf5 20. Rad1 Nc6 21. Kh2 f6 22.
exf6 gxf6 23. Ne4 h4 24. Nxh4 Nxh4 25. gxh4 Nd4 26. Qg4 Bxe4 27. Bxe4 f5 28.
Qg7 Qxf4+ 29. Bg3 Qh6 30. Qxh6 Rxh6 31. Bb7 Rd8 32. Bc7 Bxh4 33. Rg1 Kf7 34.
Bxd8 Bxd8 35. Rd3 Bc7+ 36. Kh1 e5 37. Rdg3 e4 38. Rg7+ Kf6 39. Rxd7 Rxh3+ 40.
Kg2 Rh2+ 41. Kf1 Bf4 42. Rg2 Rh1+ 43. Rg1 Rxg1+ 44. Kxg1 e3 45. Rxd4 cxd4 46.
Bf3 d3 47. Kf1 e2+ 48. Bxe2 dxe2+ 49. Kxe2 Bd6 50. Ke3 Ke5 51. Kf3 Bc5 52. Ke2
Ke4 53. Ke1 Ke3 54. Kf1 f4 55. Kg2 0-1

[Event "Power Solutions Arctic Chess NGP 2026"]
[Site "UiT Campus Alta"]
[Date "2026.02.19"]
[Round "3"]
[White "Hagesather, Ellen"]
[Black "Solbu, Lasse T."]
[Result "0-1"]
[WhiteElo "2145"]
[BlackElo "1958"]
[PlyCount "81"]
[EventDate "2026.??.??"]

1. Nf3 f5 2. d4 e6 3. c4 Nf6 4. Nc3 Bb4 5. Qb3 a5 6. a3 a4 7. Qc2 Bxc3+ 8. Qxc3
Ne4 9. Qc2 O-O 10. e3 Nc6 11. Bd3 d5 12. O-O Bd7 13. cxd5 exd5 14. b4 Rf6 15.
Bb2 Na7 16. Rfc1 Bb5 17. Ne5 c6 18. f3 Nd6 19. Bc3 Rh6 20. Be1 Qg5 21. Qd2 Bxd3
22. Qxd3 Qh5 23. Bg3 Rf8 24. h4 Nac8 25. Qd1 Nb6 26. Rc3 Ndc4 27. Nxc4 Nxc4 28.
b5 Re6 29. bxc6 bxc6 30. Bf2 g5 31. Rxc4 dxc4 32. Qxa4 gxh4 33. Qxc4 Qf7 34. a4
h3 35. g3 f4 36. e4 h2+ 37. Kg2 fxg3 38. Bxg3 Qxf3+ 39. Kxh2 Rff6 40. Bh4 Rh6
41. Kg1 0-1

[Event "Power Solutions Arctic Chess NGP 2026"]
[Site "UiT Campus Alta"]
[Date "2026.02.19"]
[Round "3"]
[White "Verbin, Valentina"]
[Black "Solbu, August"]
[Result "0-1"]
[WhiteElo "2140"]
[BlackElo "1949"]
[PlyCount "96"]
[EventDate "2026.??.??"]

1. e4 c5 2. Nf3 Nc6 3. Bb5 g6 4. O-O Bg7 5. d3 e5 6. a3 Nge7 7. b4 d6 8. bxc5
dxc5 9. Bg5 Bd7 10. Bxc6 Bxc6 11. a4 O-O 12. c4 h6 13. Be3 b6 14. Nc3 f5 15.
Nd5 g5 16. a5 f4 17. Bd2 g4 18. Ne1 Nxd5 19. cxd5 Bd7 20. axb6 axb6 21. Rxa8
Qxa8 22. Qb3 Rb8 23. Nc2 Ba4 24. Qb2 Qa6 25. Ne1 Bb5 26. Bc3 Re8 27. Qe2 h5 28.
f3 c4 29. fxg4 cxd3 30. Qd2 hxg4 31. h3 Bf8 32. Bxe5 Bc5+ 33. Kh1 Be3 34. Qd1
Rxe5 35. Qxg4+ Kf7 36. Nf3 Re8 37. Ng5+ Ke7 38. Qe6+ Kd8 39. Nf7+ Kc7 40. d6+
Kb8 41. Qd5 d2 42. Rb1 Qb7 43. Rxb5 Qxf7 44. d7 Rd8 45. Qd6+ Kb7 46. Rd5 f3 47.
g4 f2 48. Rf5 f1=Q+ 0-1

[Event "Power Solutions Arctic Chess NGP 2026"]
[Site "UiT Campus Alta"]
[Date "2026.02.19"]
[Round "3"]
[White "Hjerpbakk, Terje"]
[Black "Borsos, Bogdan"]
[Result "0-1"]
[WhiteElo "1684"]
[BlackElo "2084"]
[PlyCount "104"]
[EventDate "2026.??.??"]

1. d4 Nf6 2. c4 e6 3. Nc3 Bb4 4. Qc2 d5 5. cxd5 exd5 6. Bg5 Be6 7. e3 Nbd7 8.
Bd3 h6 9. Bh4 c5 10. Nge2 Rc8 11. O-O O-O 12. Nf4 cxd4 13. Nxe6 fxe6 14. exd4
Qb6 15. Qd2 Kh8 16. a3 Ba5 17. b4 Qxd4 18. Bxf6 Qxf6 19. Nxd5 exd5 20. bxa5 Nc5
21. Bc2 d4 22. Rad1 Rcd8 23. Bd3 Nxd3 24. Qxd3 Qf5 25. a6 b6 26. f3 Qxd3 27.
Rxd3 Rf5 28. Rc1 Rc5 29. Rb1 Rc2 30. Rbd1 Rc4 31. Rb1 Re8 32. Rbd1 Re3 33. Rxe3
dxe3 34. Re1 Rc3 35. a4 Ra3 36. Kf1 Kh7 37. Ke2 Rxa4 38. Kxe3 Rxa6 39. h4 b5
40. Kd4 Ra2 41. g4 a5 42. Kc5 Rb2 43. g5 hxg5 44. hxg5 Kg6 45. f4 a4 46. Re3 b4
47. Re7 a3 48. f5+ Kxg5 49. Rxg7+ Kxf5 50. Kc4 a2 51. Ra7 b3 52. Kc3 Rb1 0-1

[Event "Power Solutions Arctic Chess NGP 2026"]
[Site "UiT Campus Alta"]
[Date "2026.02.19"]
[Round "3"]
[White "Røyset, Pål"]
[Black "Solbakken, Mikkel D."]
[Result "0-1"]
[WhiteElo "2084"]
[BlackElo "1934"]
[PlyCount "132"]
[EventDate "2026.??.??"]

1. e4 c6 2. d4 d5 3. exd5 cxd5 4. Bd3 Nc6 5. c3 Nf6 6. Bf4 Bg4 7. Qb3 Qc8 8.
Nd2 e6 9. h3 Bh5 10. Ngf3 Be7 11. O-O O-O 12. Rfe1 Bg6 13. Bf1 Ne8 14. Rac1 Bd6
15. Ne5 Qc7 16. Ndf3 Be4 17. Bd2 f6 18. Nd3 Rb8 19. Rxe4 Na5 20. Rxe6 Nxb3 21.
axb3 Qd7 22. Re3 Nc7 23. Nc5 Qc6 24. Nd3 Rfe8 25. c4 Rxe3 26. Bxe3 Re8 27. c5
Bf8 28. Nb4 Qe6 29. Ra1 a6 30. Bf4 Qd7 31. Bxc7 Qxc7 32. Nxd5 Qd7 33. Bc4 Kh8
34. b4 Qf5 35. Ne3 Rxe3 36. fxe3 Qc2 37. b3 Qc3 38. Rf1 Qxe3+ 39. Kh1 g6 40. b5
axb5 41. Re1 Qc3 42. Bd5 h5 43. Re8 Qc1+ 44. Kh2 Kg7 45. Re1 Qf4+ 46. g3 Qf5
47. Be4 Qd7 48. b4 g5 49. Kg2 f5 50. Bb1 g4 51. Nh4 gxh3+ 52. Kxh3 f4+ 53. Nf5+
Kf6 54. gxf4 Qd5 55. Be4 Qb3+ 56. Ng3 Qxb4 57. Nxh5+ Kf7 58. Rd1 Qb3+ 59. Ng3
Qxd1 60. Bd5+ Kg7 61. Bxb7 Bxc5 62. Bc6 Bxd4 63. Bxb5 Qb3 64. Kg4 Qxb5 65. Nf5+
Kf6 66. Nxd4 Qd7+ 0-1

[Event "Power Solutions Arctic Chess NGP 2026"]
[Site "UiT Campus Alta"]
[Date "2026.02.19"]
[Round "3"]
[White "Mikalsen, Odd E."]
[Black "Jessen, Simon P."]
[Result "1-0"]
[WhiteElo "1910"]
[BlackElo "2059"]
[PlyCount "79"]
[EventDate "2026.??.??"]

1. e4 c6 2. d4 d5 3. e5 c5 4. Bb5+ Bd7 5. Bxd7+ Nxd7 6. Nf3 e6 7. c3 cxd4 8.
Qxd4 Ne7 9. Bg5 Qc7 10. O-O Nc6 11. Qe3 Bc5 12. Qe2 Ndxe5 13. Nbd2 O-O 14. Rfe1
Bd6 15. Nd4 a6 16. Rac1 Ng6 17. Nf1 Bf4 18. Bxf4 Qxf4 19. Nb3 Qg5 20. Ng3 Qe7
21. Rcd1 Rac8 22. Qe3 Nge5 23. f4 Nc4 24. Qf2 Rfd8 25. Rd3 Qh4 26. Nd4 Nxd4 27.
Rxd4 Qf6 28. f5 Re8 29. Rf1 e5 30. Rg4 Qh6 31. f6 g6 32. Nf5 Qd2 33. Ne7+ Rxe7
34. fxe7 Qxf2+ 35. Rxf2 Re8 36. b3 f5 37. Rxf5 Ne3 38. Rf8+ Rxf8 39. exf8=Q+
Kxf8 40. Rb4 1-0

[Event "Power Solutions Arctic Chess NGP 2026"]
[Site "UiT Campus Alta"]
[Date "2026.02.18"]
[Round "3"]
[White "Hagesather, Arne"]
[Black "Mikalsen, Bengt A."]
[Result "1-0"]
[WhiteElo "2016"]
[BlackElo "1812"]
[PlyCount "69"]
[EventDate "2026.??.??"]

1. d4 d5 2. Bf4 Nf6 3. Nc3 c6 4. e3 Bf5 5. Nge2 e6 6. f3 Bb4 7. h4 h5 8. a3 Bd6
9. Qd2 Qc7 10. Bg5 Nbd7 11. O-O-O O-O-O 12. Kb1 Kb8 13. Nc1 Ka8 14. Bd3 Rb8 15.
e4 dxe4 16. fxe4 Bg4 17. e5 Bxd1 18. exd6 Bxc2+ 19. Kxc2 Qxd6 20. Nb3 Nd5 21.
Ne4 Qc7 22. Qf2 f6 23. Bd2 b6 24. Kb1 a5 25. Rc1 a4 26. Bb5 c5 27. Na1 Rhc8 28.
Qf3 Ka7 29. Qd1 Rb7 30. Ba6 b5 31. Bxb7 Kxb7 32. Nxc5+ Nxc5 33. Rxc5 Qb6 34.
Rxc8 Kxc8 35. Nc2 1-0

[Event "Power Solutions Arctic Chess NGP 2026"]
[Site "UiT Campus Alta"]
[Date "2026.02.19"]
[Round "3"]
[White "Noer, Andreas"]
[Black "Brasøy, Aksel"]
[Result "0-1"]
[WhiteElo "1739"]
[BlackElo "1952"]
[PlyCount "99"]
[EventDate "2026.??.??"]

1. c4 e5 2. g3 Nf6 3. Bg2 Bc5 4. Nc3 Nc6 5. Nf3 d6 6. d3 h6 7. a3 a6 8. b4 Ba7
9. Bb2 O-O 10. O-O Be6 11. e3 Qd7 12. Rc1 Rab8 13. Ne2 Bh3 14. d4 Bxg2 15. Kxg2
exd4 16. exd4 Rfe8 17. Qc2 Ne7 18. Nc3 Ng6 19. Rce1 Qg4 20. Qd1 c6 21. Bc1 Rbd8
22. h3 Qf5 23. a4 d5 24. c5 Bb8 25. Nh2 Ne4 26. Qc2 Nxg3 27. Qxf5 Nxf5 28. Rd1
Ngh4+ 29. Kg1 Bxh2+ 30. Kxh2 Nf3+ 31. Kh1 N3xd4 32. Rg1 Ne2 33. Nxe2 Rxe2 34.
Rg2 Rde8 35. Rdg1 Re1 36. Kh2 Rxg1 37. Rxg1 Re2 38. Kg2 Kf8 39. Kf3 Re4 40. Rg4
Nd4+ 41. Kg2 f5 42. Rxe4 fxe4 43. a5 Nf3 44. Kg3 h5 45. Kf4 g6 46. Bb2 Kf7 47.
Bh8 Ke6 48. h4 Nxh4 49. Kg5 Nf3+ 50. Kxg6 0-1

[Event "Power Solutions Arctic Chess NGP 2026"]
[Site "UiT Campus Alta"]
[Date "2026.02.19"]
[Round "3"]
[White "Solskjær, Frode"]
[Black "Johnsen, Kjell M."]
[Result "1/2-1/2"]
[WhiteElo "1926"]
[BlackElo "1930"]
[PlyCount "44"]
[EventDate "2026.??.??"]

1. d4 d5 2. c4 dxc4 3. e3 Nf6 4. Bxc4 e6 5. Nf3 c5 6. O-O Be7 7. a3 O-O 8. dxc5
Qxd1 9. Rxd1 Bxc5 10. b4 Be7 11. Bb2 b6 12. Nc3 Bb7 13. Nb5 Nbd7 14. Ne5 Nxe5
15. Bxe5 Rfd8 16. Be2 Rxd1+ 17. Rxd1 a5 18. Bd6 Kf8 19. Rc1 Ne8 20. Bxe7+ Kxe7
21. f3 Rc8 22. Rxc8 Bxc8 1/2-1/2

[Event "Power Solutions Arctic Chess NGP 2026"]
[Site "UiT Campus Alta"]
[Date "2026.02.19"]
[Round "3"]
[White "Myren, Matias"]
[Black "Paranichev, Miron"]
[Result "0-1"]
[WhiteElo "1770"]
[BlackElo "1901"]
[PlyCount "96"]
[EventDate "2026.??.??"]

1. e4 c6 2. d4 d5 3. e5 c5 4. c3 Nc6 5. Be2 cxd4 6. cxd4 Qb6 7. Nf3 Bg4 8. O-O
e6 9. Be3 Nh6 10. Nbd2 Be7 11. a3 a5 12. h3 Bxf3 13. Nxf3 Nf5 14. Qd2 a4 15.
Bd3 g6 16. Rad1 Na5 17. Bxf5 gxf5 18. Bg5 Nc4 19. Qf4 Qc7 20. Bxe7 Qxe7 21. Rb1
Ra6 22. Nd2 b5 23. Nxc4 bxc4 24. Rfc1 Rg8 25. Qf3 Qg5 26. Rc3 Rb6 27. g3 Ke7
28. Qd1 Ra8 29. Qc2 Kf8 30. Kg2 Qe7 31. g4 h5 32. gxf5 Qg5+ 33. Rg3 Qxf5 34.
Qxf5 exf5 35. Rc3 Rab8 36. Rc2 Rb3 37. Rbc1 Rxb2 38. Kf3 Rxc2 39. Rxc2 Rb3+ 40.
Kf4 Rxa3 41. Kxf5 Ke7 42. f4 Rg3 43. Rb2 c3 44. Rb7+ Ke8 45. Rb8+ Kd7 46. Kf6
c2 47. Kxf7 c1=Q 48. e6+ Kc7 0-1

[Event "Power Solutions Arctic Chess NGP 2026"]
[Site "UiT Campus Alta"]
[Date "2026.02.19"]
[Round "3"]
[White "Gressli, Kristoffer"]
[Black "Sjogren, Oddbjorn"]
[Result "1/2-1/2"]
[WhiteElo "1894"]
[BlackElo "1810"]
[PlyCount "102"]
[EventDate "2026.??.??"]

1. f4 d5 2. Nf3 Nc6 3. e3 Nf6 4. Be2 Bg4 5. b3 e6 6. Bb2 Bc5 7. d4 Bd6 8. O-O
Bf5 9. c4 Nb4 10. c5 Be7 11. Na3 Ne4 12. Ne5 Nf6 13. Bc3 a5 14. Bxb4 axb4 15.
Nc2 Bxc2 16. Qxc2 O-O 17. Qd2 Nd7 18. Nxd7 Qxd7 19. Qxb4 b6 20. c6 Bxb4 21.
cxd7 Bc3 22. Rac1 Bd2 23. Rxc7 Bxe3+ 24. Kh1 Bxd4 25. Rfc1 Bc5 26. b4 Bxb4 27.
R1c6 Rad8 28. Bb5 g6 29. a4 Kg7 30. g3 Kf6 31. Kg2 Ke7 32. Rc2 d4 33. R2c4 Bc3
34. Rb7 Ba5 35. Rxd4 h5 36. Kf3 Rh8 37. h3 Rhf8 38. Rc4 Rh8 39. Ke4 Rhf8 40.
Rc8 Rh8 41. Rbb8 f5+ 42. Kf3 Bc3 43. Rxd8 Rxd8 44. Rxb6 Bd4 45. Rb7 Bc3 46. Rb6
Bd4 47. Ra6 Rb8 48. Rc6 Rd8 49. a5 Kxd7 50. a6 Ke7 51. a7 Ra8 1/2-1/2

[Event "Power Solutions Arctic Chess NGP 2026"]
[Site "UiT Campus Alta"]
[Date "2026.02.19"]
[Round "3"]
[White "Wilhelmsen, Jim L."]
[Black "Aanes, Kjell"]
[Result "0-1"]
[WhiteElo "1763"]
[BlackElo "1872"]
[PlyCount "62"]
[EventDate "2026.??.??"]

1. d4 d5 2. Nf3 Nf6 3. Bf4 e6 4. e3 Bd6 5. Nbd2 c5 6. c3 cxd4 7. Bxd6 Qxd6 8.
cxd4 O-O 9. Bd3 Nc6 10. a3 e5 11. dxe5 Nxe5 12. Nxe5 Qxe5 13. b4 Bg4 14. Be2
Bxe2 15. Kxe2 Rac8 16. Rc1 Rfd8 17. Rxc8 Rxc8 18. Qa1 Qh5+ 19. f3 Re8 20. Qd4
b6 21. h3 Qg5 22. Kf2 Nh5 23. Nf1 Rc8 24. h4 Rc2+ 25. Nd2 Qg3+ 26. Kf1 Rc1+ 27.
Ke2 Qxg2+ 28. Kd3 Qxh1 29. Qxd5 g6 30. Qd8+ Kg7 31. Qd6 Qxh4 0-1

[Event "Power Solutions Arctic Chess NGP 2026"]
[Site "UiT Campus Alta"]
[Date "2026.02.19"]
[Round "3"]
[White "Harila, Rune"]
[Black "Wilhelmsen, Vegard"]
[Result "1-0"]
[WhiteElo "1811"]
[BlackElo "1770"]
[PlyCount "61"]
[EventDate "2026.??.??"]

1. e4 e6 2. d4 d5 3. e5 c5 4. c3 Qb6 5. Nf3 Bd7 6. Bd3 Bb5 7. dxc5 Bxc5 8. b4
Bxd3 9. Qxd3 Bf8 10. O-O Nc6 11. Be3 Qc7 12. Nbd2 Nge7 13. Bf4 Ng6 14. Bg3 Be7
15. Rfe1 Qd8 16. a4 O-O 17. a5 a6 18. Nd4 Nxd4 19. Qxd4 Qc7 20. h4 Rfd8 21. Nf3
Rac8 22. h5 Nf8 23. Rac1 Qc4 24. Qe3 h6 25. Bf4 Nh7 26. Red1 Qe4 27. Qxe4 dxe4
28. Rxd8+ Rxd8 29. Ne1 Rc8 30. Kf1 Bxb4 31. cxb4 1-0

[Event "Power Solutions Arctic Chess NGP 2026"]
[Site "UiT Campus Alta"]
[Date "2026.02.20"]
[Round "4"]
[White "Kaasen, Tor F."]
[Black "Urkedal, Frode O. O."]
[Result "1/2-1/2"]
[WhiteElo "2476"]
[BlackElo "2569"]
[PlyCount "64"]
[EventDate "2026.??.??"]

1. e4 e5 2. Nf3 Nc6 3. Bb5 a6 4. Ba4 Nf6 5. O-O Be7 6. Re1 b5 7. Bb3 O-O 8. a4
Bb7 9. d3 d6 10. c3 Na5 11. Bc2 c5 12. Nbd2 Re8 13. d4 cxd4 14. cxd4 exd4 15.
axb5 axb5 16. Nxd4 Qb6 17. Nf5 Bf8 18. b4 Nc4 19. Nxc4 bxc4 20. Be3 Qc7 21.
Rxa8 Bxa8 22. Bd4 Re6 23. Qa1 Bb7 24. b5 d5 25. exd5 Nxd5 26. Bxg7 Rxe1+ 27.
Qxe1 Bxg7 28. Qe8+ Bf8 29. Nh6+ Kg7 30. Nf5+ Kg8 31. Nh6+ Kg7 32. Nf5+ Kg8
1/2-1/2

[Event "Power Solutions Arctic Chess NGP 2026"]
[Site "UiT Campus Alta"]
[Date "2026.02.20"]
[Round "4"]
[White "Grave, Jacob T"]
[Black "Williams, Simon K."]
[Result "0-1"]
[WhiteElo "2382"]
[BlackElo "2432"]
[PlyCount "68"]
[EventDate "2026.??.??"]

1. e4 e6 2. d4 d5 3. Nd2 h6 4. c3 c5 5. Ngf3 Nf6 6. exd5 exd5 7. Bb5+ Bd7 8.
Bxd7+ Nbxd7 9. O-O Be7 10. dxc5 Nxc5 11. Nb3 O-O 12. Nfd4 Re8 13. Nf5 Bf8 14.
Qf3 Nce4 15. Be3 a5 16. a4 Qd7 17. Nbd4 Ra6 18. Nb5 Ng5 19. Bxg5 hxg5 20. Qd3
Re4 21. Ng3 Rf4 22. Nd4 Ng4 23. f3 Nf6 24. Nge2 Rh4 25. Qf5 Qc7 26. Ng3 Nh5 27.
Nxh5 Rxh5 28. h3 Rah6 29. f4 gxf4 30. Qxf4 Bd6 31. Qf3 Rg5 32. Rae1 Qd7 33. Nf5
Rf6 34. Qxd5 Rgxf5 0-1

[Event "Power Solutions Arctic Chess NGP 2026"]
[Site "UiT Campus Alta"]
[Date "2026.02.20"]
[Round "4"]
[White "Hansen, Torbjørn R."]
[Black "Valvåg, Torbjørn"]
[Result "0-1"]
[WhiteElo "2407"]
[BlackElo "2082"]
[PlyCount "116"]
[EventDate "2026.??.??"]

1. c4 e5 2. Nc3 Nc6 3. Nf3 f5 4. e3 Nf6 5. d4 e4 6. Ne5 Bb4 7. Bd2 Nxe5 8. dxe5
Ng4 9. a3 Be7 10. Nxe4 Nxe5 11. Ng3 O-O 12. Bc3 d6 13. Nh5 g6 14. Nf4 Bf6 15.
Be2 c6 16. Qd2 Nf7 17. O-O Qe7 18. Rfd1 Be5 19. Nd3 Bxc3 20. Qxc3 Ng5 21. a4
Ne4 22. Qa3 a5 23. b4 axb4 24. Qxb4 Re8 25. Bf3 Ng5 26. Ne1 Nxf3+ 27. Nxf3 c5
28. Qd2 Be6 29. Qc3 Ra6 30. h4 Rea8 31. a5 Bd7 32. Qd2 Be6 33. Rdc1 b6 34. Ng5
Rxa5 35. Rab1 Ra2 36. Rb2 R2a6 37. Qc3 Bd7 38. Rcb1 Rb8 39. Re1 h6 40. Nh3 Qe5
41. Qd2 Be6 42. Nf4 Bf7 43. Rd1 Rba8 44. Rdb1 g5 45. hxg5 hxg5 46. Nd3 Qe6 47.
Ne1 d5 48. Nf3 dxc4 49. Nxg5 Qf6 50. Nxf7 c3 51. Qd5 Qxf7 52. Qxf7+ Kxf7 53.
Rc2 Ra1 54. Rbc1 Rxc1+ 55. Rxc1 Ra3 56. Kf1 Ke6 57. Ke2 Kd5 58. Rb1 Kc4 0-1

[Event "Power Solutions Arctic Chess NGP 2026"]
[Site "UiT Campus Alta"]
[Date "2026.02.20"]
[Round "4"]
[White "Hammari, Vinjar"]
[Black "Vestby-Ellingsen, Mads"]
[Result "0-1"]
[WhiteElo "2101"]
[BlackElo "2386"]
[PlyCount "70"]
[EventDate "2026.??.??"]

1. e4 c5 2. Nf3 d6 3. d4 cxd4 4. Nxd4 Nf6 5. Nc3 Nc6 6. Bb5 Bd7 7. Be3 g6 8. f3
Bg7 9. Qd2 O-O 10. O-O-O Rc8 11. g4 Nxd4 12. Bxd4 Rxc3 13. Bxd7 Rxf3 14. Bb5 e5
15. Qg2 Rf4 16. Bxe5 Rxg4 17. Qf3 Rg5 18. Rxd6 Qe7 19. Bxf6 Qxd6 20. e5 Rxe5
21. Bxe5 Qxe5 22. Qb3 Bf6 23. a4 Kg7 24. Kb1 Rd8 25. Bc4 Rd4 26. Rf1 Rxc4 27.
Rxf6 Kxf6 28. Qxc4 Qe1+ 29. Ka2 Qe6 30. Kb3 Qxc4+ 31. Kxc4 Ke5 32. b4 Ke4 33.
Kc5 f5 34. c4 f4 35. Kd6 f3 0-1

[Event "Power Solutions Arctic Chess NGP 2026"]
[Site "UiT Campus Alta"]
[Date "2026.02.20"]
[Round "4"]
[White "Aamodt, Peder M."]
[Black "Kreken, Eivind G."]
[Result "0-1"]
[WhiteElo "2189"]
[BlackElo "2347"]
[PlyCount "112"]
[EventDate "2026.??.??"]

1. d4 Nf6 2. c4 e6 3. Nf3 d5 4. g3 Be7 5. Bg2 O-O 6. O-O dxc4 7. Qc2 a6 8. a4
Nc6 9. Qxc4 Qd5 10. Nbd2 Rd8 11. e3 Qh5 12. h3 Nd5 13. Qe2 Ndb4 14. Nc4 f6 15.
Bd2 a5 16. Rfd1 b6 17. g4 Qe8 18. Bxb4 Nxb4 19. Ne1 Rb8 20. Nd3 Ba6 21. Nxb4
Bxb4 22. Qc2 Kh8 23. b3 Qe7 24. Rac1 Rbc8 25. Bc6 Rf8 26. Qe4 Rcd8 27. Qg2 Bxc4
28. Rxc4 f5 29. Bf3 Bd6 30. e4 fxe4 31. Bxe4 Rf4 32. Re1 Qg5 33. Bd3 Rf6 34.
Qe4 Qh4 35. Qg2 Rdf8 36. Rc2 Rf3 37. Bf1 Bg3 38. Ree2 h6 39. Red2 R8f6 40. Bc4
Bxf2+ 41. Rxf2 Rg3 42. Rxf6 Rxg2+ 43. Kxg2 Qxf6 44. Re2 Qxd4 45. Rxe6 c6 46.
Kg3 Qd7 47. Re5 g6 48. h4 Qd6 49. Kf4 Qf6+ 50. Ke4 Qxh4 51. Kf3 Kg7 52. Re6 h5
53. Re4 Qh3+ 54. Kf4 Qxg4+ 55. Ke5 Qd7 56. Kf4 Kf6 0-1

[Event "Power Solutions Arctic Chess NGP 2026"]
[Site "UiT Campus Alta"]
[Date "2026.02.20"]
[Round "4"]
[White "Foreest, Machteld V."]
[Black "Austad, Eirik S."]
[Result "1-0"]
[WhiteElo "2320"]
[BlackElo "2155"]
[PlyCount "91"]
[EventDate "2026.??.??"]

1. e4 c6 2. Nf3 d5 3. d3 dxe4 4. dxe4 Qxd1+ 5. Kxd1 f6 6. a4 a5 7. Na3 Bg4 8.
Nc4 Nd7 9. h3 Bxf3+ 10. gxf3 e5 11. h4 Bc5 12. Bd2 b6 13. Ke2 O-O-O 14. Rg1 g6
15. Bh3 Kc7 16. f4 Ne7 17. Rgd1 Rhf8 18. f3 f5 19. fxe5 fxe4 20. f4 e3 21. Bxe3
Bxe3 22. Kxe3 Nd5+ 23. Rxd5 cxd5 24. Nd6 d4+ 25. Ke4 Nc5+ 26. Kf3 d3 27. Rc1
Kb8 28. Ke3 Nb7 29. Ne4 dxc2 30. Rxc2 Rf7 31. Rc6 Ka7 32. Nc3 Rdf8 33. Nb5+ Ka6
34. e6 Re7 35. Bf1 Nc5 36. Bc4 Rd8 37. Rd6 Rde8 38. Kd4 Rf8 39. Ke3 Rfe8 40.
Nc7+ Kb7 41. Nxe8 Rxe8 42. Bd5+ Kc8 43. Rxb6 Nxa4 44. Rc6+ Kd8 45. b3 Nb2 46.
Rc2 1-0

[Event "Power Solutions Arctic Chess NGP 2026"]
[Site "UiT Campus Alta"]
[Date "2026.02.20"]
[Round "4"]
[White "Borsos, Bogdan"]
[Black "Houska, Jovanka"]
[Result "1-0"]
[WhiteElo "2084"]
[BlackElo "2314"]
[PlyCount "141"]
[EventDate "2026.??.??"]

1. e4 c6 2. Nf3 d5 3. exd5 cxd5 4. Ne5 Nf6 5. Bb5+ Bd7 6. Nxd7 Nbxd7 7. O-O e6
8. d4 Bd6 9. Nd2 Qc7 10. Nf3 O-O 11. Re1 Ne4 12. c4 a6 13. Ba4 b6 14. cxd5 exd5
15. Be3 b5 16. Rc1 Qb7 17. Bc2 Rae8 18. Bd3 Nb6 19. Rc2 h6 20. Bc1 Re6 21. Rce2
Nc4 22. Qb3 Rfe8 23. g3 Bc7 24. Kg2 Qc6 25. Qc2 Qb7 26. Qb3 Ba5 27. Rd1 Bb6 28.
a4 Na5 29. Qa2 b4 30. h4 Bc7 31. Rde1 b3 32. Qb1 Nc4 33. h5 Qc6 34. Ne5 Nxe5
35. dxe5 Ba5 36. Rd1 Rxe5 37. Bf4 R5e6 38. Rc1 Qd7 39. Rd1 Qb7 40. f3 Nc5 41.
Rxe6 Rxe6 42. Bf5 Re2+ 43. Kh3 Ne6 44. Bc1 Qc6 45. Qd3 Rc2 46. Be3 Bc7 47. Qxb3
Qd6 48. f4 Ng5+ 49. Kg4 Re2 50. Rxd5 Qe7 51. Rd7 Qxe3 52. Qxe3 Rxe3 53. Rxc7
Ne6 54. Rc8+ Nf8 55. b4 Ra3 56. b5 Rxa4 57. b6 Rb4 58. Rb8 g6 59. hxg6 fxg6 60.
Bxg6 Kg7 61. Bf5 Ng6 62. Bxg6 Kxg6 63. b7 Kg7 64. Kf5 a5 65. Ke6 a4 66. f5 a3
67. f6+ Kh7 68. f7 Re4+ 69. Kd5 a2 70. Rh8+ Kg6 71. Ra8 1-0

[Event "Power Solutions Arctic Chess NGP 2026"]
[Site "UiT Campus Alta"]
[Date "2026.02.20"]
[Round "4"]
[White "Solbu, Lasse T."]
[Black "Lund, Gunnar"]
[Result "0-1"]
[WhiteElo "1958"]
[BlackElo "2314"]
[PlyCount "90"]
[EventDate "2026.??.??"]

1. e4 c5 2. Nc3 e6 3. Nge2 Nc6 4. g3 b6 5. Bg2 Bb7 6. O-O h5 7. h3 Nge7 8. d3
d6 9. f4 Qd7 10. Be3 g6 11. d4 cxd4 12. Nxd4 Bg7 13. Ncb5 Nxd4 14. Nxd4 e5 15.
fxe5 dxe5 16. Ne2 Qb5 17. b3 Rd8 18. Qe1 O-O 19. c4 Qc6 20. Nc3 Bc8 21. Rd1 Be6
22. Qe2 Qc8 23. Kh2 Nc6 24. Nd5 Bxd5 25. cxd5 Nd4 26. Bxd4 exd4 27. Rc1 Qb8 28.
h4 Be5 29. Qd3 Rc8 30. Bh3 Rc3 31. Rxc3 dxc3 32. Kg2 Qd6 33. Rf2 Re8 34. Qf3
Re7 35. g4 Rc7 36. Rc2 hxg4 37. Qxg4 Kg7 38. Kf3 Qf6+ 39. Ke3 Bd4+ 40. Kd3 Bc5
41. Rxc3 Qd4+ 42. Kc2 Qf2+ 43. Kd3 Re7 44. Bg2 Qxa2 45. Qe2 Qb1+ 0-1